Στα βουνά της Κρήτης και στην παρανομία : αληθινές ιστορίες
Αποθηκεύτηκε σε:
| Κύριος συγγραφέας: | |
|---|---|
| Άλλοι συγγραφείς: | |
| Μορφή: | Βιβλίο |
| Γλώσσα: | Greek |
| Δημοσίευση: |
Αθήνα :
Εκδόσεις 70 - Πλανήτης,
1979.
|
| Θέματα: | |
| Ετικέτες: |
Προσθήκη ετικέτας
Δεν υπάρχουν, Καταχωρήστε ετικέτα πρώτοι!
|
MARC
| LEADER | 00000cam a2200000 a 4500 | ||
|---|---|---|---|
| 001 | 1/114019 | ||
| 008 | 170519s1979####gr | ||| |||| ||gre|| | ||
| 040 | |a GR-MyUa |b gre |c GR-MyUa |e AACR2 | ||
| 041 | 0 | |a gre | |
| 082 | 7 | |a 889.47 |2 (23) | |
| 100 | 1 | |a Μαδαρίτης, Νίκος. | |
| 245 | 1 | 4 | |a Στα βουνά της Κρήτης και στην παρανομία : |b αληθινές ιστορίες / |c Νίκου και Αργυρώς Μαδαρίτη. |
| 260 | |a Αθήνα : |b Εκδόσεις 70 - Πλανήτης, |c 1979. | ||
| 300 | |a 256 σ. ; |c 21 εκ. | ||
| 651 | 0 | |a Greece |x History |y Civil War, 1944-1949 |x Fiction. | |
| 700 | 1 | |a Μαδαρίτη, Αργυρώ. | |
| 852 | |a INST |b LESVOS |e 20170519 |h 889.47 ΜΑΔ |p 005100059241 |q 005100059241 |t BK |y 0 | ||
| 970 | |a Τζαφέρη |b Ευαγγελία |z 19-05-2017 | ||